U.S. Cities By Picture (Medium) - Statistics

General Stats
  • This quiz has been taken 30 times
  • The average score is 6 of 12
Answer Stats
Picture Answer % Correct
New Orleans
79%
Miami
71%
Las Vegas
67%
Orlando
67%
San Antonio
67%
Baltimore
58%
Honolulu
46%
Houston
29%
Nashville
29%
Cincinnati
17%
Kansas City
17%
Indianapolis
8%
No matching quizzes found
Score Distribution
Percent of People with Each Score
Percentile by Number Answered
Your Score History
You have not taken this quiz